Historia de las instituciones políticas y sociales de Chile
-д хадгалсан:
| Үндсэн зохиолч: | |
|---|---|
| Формат: | Ном |
| Хэл сонгох: | испани |
| Хэвлэсэн: |
Santiago, Chile
Universitaria
2004
|
| Хэвлэл: | Décimo octava edición |
| Цуврал: | Colección Imagen de Chile
|
| Нөхцлүүд: | |
| Шошгууд: |
Шошго нэмэх
Шошго байхгүй, Энэхүү баримтыг шошголох эхний хүн болох!
|
MARC
| LEADER | 00000nam a2200000 a 4500 | ||
|---|---|---|---|
| 001 | UCK9739 | ||
| 003 | CL-VaPUC | ||
| 005 | 20231215105922.0 | ||
| 008 | 060519e20040000CL |||||||||||||||||spa|d | ||
| 999 | |c 316804 |d 316802 | ||
| 020 | |a 9561117320 | ||
| 040 | |c Pontificia Universidad Católica de Valparaíso | ||
| 082 | 0 | 4 | |a 983 EYZ 2004 |2 21 |
| 100 | |a Eyzaguirre Gutiérrez, Jaime |e autor |9 584583 | ||
| 245 | 1 | 0 | |a Historia de las instituciones políticas y sociales de Chile |
| 250 | |a Décimo octava edición | ||
| 260 | |a Santiago, Chile |b Universitaria |c 2004 | ||
| 300 | |a 212 páginas | ||
| 490 | 0 | |a Colección Imagen de Chile | |
| 583 | |a last modification |c 20060519 00:00:00 |k Rodrigo Vera | ||
| 650 | 0 | |a Historia |z CHILE |9 255047 | |
| 650 | 0 | |a Instituciones políticas |z CHILE |9 255506 | |
| 852 | |a BIBCUR | ||
| 942 | |c BK |2 ddc | ||
| 945 | |d 20060519 00:00:00 |a jtorresc | ||
| 952 | |0 0 |1 0 |2 ddc |4 0 |6 983_000000000000000_EYZ_2004 |7 0 |8 A |9 392253 |a BIBHIS |b BIBHIS |d 2019-11-22 |i 4235673 |l 2 |o 983 EYZ 2004 |p 4235673 |r 2025-01-20 |s 2024-05-15 |t 1 |w 2019-11-22 |y BK |k HIS | ||